Debut Oscars - Statistics

General Stats
  • This quiz has been taken 99 times
  • The average score is 11 of 22
Answer Stats
Film % Correct
Julie Andrews
92%
Barbra Streisand
85%
Kevin Costner
81%
Marlee Matlin
73%
Anna Paquin
72%
Tatum O'Neal
71%
Jennifer Hudson
70%
Lupita Nyong'o
70%
Robert Redford
65%
Sam Mendes
57%
Timothy Hutton
53%
Haing S. Ngor
52%
Eva Marie Saint
49%
James L. Brooks
46%
Shirley Booth
39%
Harold Russell
32%
Jerome Robbins
30%
Katina Paxinou
23%
Mercedes McCambridge
23%
Delbert Mann
22%
Jo Van Fleet
22%
Gale Sondergaard
18%
No matching quizzes found
Score Distribution
Percent of People with Each Score
Percentile by Number Answered
Your Score History
You have not taken this quiz